[Event "TUR-ch U20"]
[Site "Samsun"]
[Date "2023.05.23"]
[Round "7"]
[White "Gungor, Cihan Akif"]
[Black "Herdem, Talha"]
[Result "1-0"]
[WhiteElo "1771"]
[BlackElo "1417"]
[PlyCount "79"]
[EventDate "2023.05.19"]
[EventType "swiss"]
[EventRounds "9"]
[EventCountry "TUR"]
[SourceTitle "CBM 214 Extra"]
[Source "ChessBase"]
[SourceDate "2023.07.31"]
[SourceVersion "1"]
[SourceVersionDate "2023.07.31"]
[SourceQuality "1"]

1. e4 c5 2. c3 Nf6 3. e5 Nd5 4. d4 cxd4 5. Nf3 d6 6. cxd4 e6 7. Bc4 Be7 8. 0-0 0-0 9. Qe2 dxe5 10. dxe5 b6 11. Rd1 Bb7 12. Bd3 Nd7 13. Nc3 Nxc3 14. bxc3 Qc7 15. Bf4 Rfd8 16. Rac1 Nc5 17. Bc4 Rac8 18. Rxd8+ Bxd8 19. Nd4 a6 20. Qe3 b5 21. Be2 Qe7 22. c4 b4 23. Nb3 Bb6 24. Rd1 Na4 25. c5 Nxc5 26. Rd6 Qc7 27. h4 Na4 28. Nd4 Bc5 29. h5 Bxd6 30. exd6 Qd7 31. h6 Nc3 32. Bd3 Nd5 33. Qg3 f5 34. Nxe6 Nxf4 35. Nxf4 g6 36. Nxg6 hxg6 37. Qxg6+ Kh8 38. Qf6+ Kg8 39. Bxf5 Qf7 40. h7+ 1-0